00000000nam##2200000za#4500
0019.538528
003CaOODSP
00520210305151645
007ta
008150406|2003||||xxc|||||     f|0| 0 eng|d
040 |aCaOODSP|beng
041 |aeng
041 |afre
043 |an-cn---
0861 |aXC67-372/1-1-03
1101 |aCanada. |bParliament. |bHouse of Commons.
24510|aListening to Canadians : |ba first view of the future of the Canada Pension Plan Disability Program / |cJudi Longfield, Chair; Carolyn Bennett, Chair, Subcommittee on the Status of Persons with Disabilities.
260 |bHouse of Commons |cJune 2003.
300 |aEnglish text, xi, 136p. : |bmarine charts, references, tables ; |c28 cm.
4901 |aReport of the Standing Committee on Human Resources Development and the Status of Persons with Disabilities
563 |aSoftcover
590 |a03-29|b2003-07-18
69007|aHuman resources|2gcpds
69007|aReports|2gcpds
69007|aStatus of disabled persons|2gcpds
792 |tÀ l'écoute des canadiens : |efre|w(CaOODSP)9.538529
830#0|aReport of the Standing Committee on Human Resources Development and the Status of Persons with Disabilities.|w(CaOODSP)9.510802